[Event "32.Schlosspark-Open"]
[Site "Wiesbaden-Biebrich"]
[Date "2024.08.22"]
[Round "1.29"]
[White "Fröhlich-Dill, Astrid"]
[Black "Dietze, Frank"]
[Result "0-1"]
[WhiteElo "1794"]
[BlackElo "2090"]
[PlyCount "96"]
[EventDate "2024.08.22"]
[WhiteTeam "SV 1920 Hofheim"]
[BlackTeam "Wiesbadener SV 1885"]

1. d4 Nf6 2. c4 g6 3. Nc3 d5 4. Bf4 Bg7 5. e3 O-O 6. Nf3 c5 7. Be2 Nc6 8. Ne5 cxd4 9. exd4 Be6 10. Nxc6 bxc6 11. c5 Ne4 12. f3 Nf6 13. Be5 Bh6 14. Ba6 Bc8 15. Be2 Nd7 16. Bg3 Re8 17. f4 Nf6 18. O-O Rb8 19. b3 Qa5 20. Na4 Ne4 21. Be1 Qc7 22. g3 Bh3 23. Rf3 Bg7 24. Nc3 Bg4 25. Re3 Bxe2 26. Rxe2 f5 27. Kg2 e6 28. Re3 Bf6 29. Ne2 Rb7 30. h4 Qg7 31. Rb1 h6 32. Rd3 g5 33. fxg5 hxg5 34. hxg5 Bxg5 35. Ng1 Kf7 36. Nf3 Bf6 37. Ne5+ Bxe5 38. dxe5 Rh8 39. Bd2 Ke8 40. Bf4 Qg6 41. Rb2 Rbh7 42. Kf3 Rh1 43. Qc2 Qg4+ 44. Ke3 Nxg3 45. Qf2 Nf1+ 46. Kd4 R8h2 47. Qf3 Qxf3 48. Rxf3 Rxb2 0-1

[Event "32.Schlosspark-Open"]
[Site "Wiesbaden-Biebrich"]
[Date "2024.08.22"]
[Round "1.30"]
[White "Reschke, Thomas"]
[Black "Mönch, Dorothée"]
[Result "1-0"]
[WhiteElo "2086"]
[BlackElo "1789"]
[PlyCount "75"]
[EventDate "2024.08.22"]
[WhiteTeam "SC Frankfurt-West"]
[BlackTeam "Sfr.Mainz 1928"]

1. c4 Nf6 2. g3 c5 3. Bg2 Nc6 4. Nc3 g6 5. e3 Bg7 6. Nge2 O-O 7. d4 cxd4 8. exd4 d6 9. d5 Ne5 10. b3 Bf5 11. O-O Qc8 12. Nd4 Bh3 13. Re1 Bxg2 14. Kxg2 Re8 15. Bb2 h5 16. h3 Nh7 17. f4 Nd7 18. Qd2 Ndf8 19. Re2 e5 20. dxe6 Nxe6 21. Nxe6 Qc6+ 22. Kh2 fxe6 23. Rd1 Nf8 24. Ne4 d5 25. Bxg7 Kxg7 26. Qb2+ e5 27. Ng5 dxc4 28. bxc4 Nd7 29. fxe5 Qb6 30. Qc3 Re7 31. e6+ Nf6 32. Rf1 Rf8 33. Qe5 Qc7 34. Qxc7 Rxc7 35. e7 Rxe7 36. Rxe7+ Kh6 37. Rxf6 Rxf6 38. h4 1-0

[Event "32.Schlosspark-Open"]
[Site "Wiesbaden-Biebrich"]
[Date "2024.08.22"]
[Round "1.32"]
[White "Regis, Georg"]
[Black "Steigleder, Maximilian"]
[Result "1-0"]
[WhiteElo "2079"]
[BlackElo "1784"]
[PlyCount "59"]
[EventDate "2024.08.22"]
[WhiteTeam "Vorw.Orient Mainz"]
[BlackTeam "Sfr.1932 Kelkheim"]

1. Nf3 d5 2. b3 Nf6 3. Bb2 b6 4. e3 Bb7 5. d4 e6 6. Bd3 Bd6 7. O-O O-O 8. Nbd2 Nbd7 9. a4 Ne4 10. Ne5 f5 11. Ndf3 Ndf6 12. a5 a6 13. Qe2 b5 14. c4 c6 15. c5 Bc7 16. b4 Nd7 17. Nxd7 Qxd7 18. Ne5 Qe7 19. f3 Nf6 20. Bc3 Nd7 21. e4 Nxe5 22. dxe5 fxe4 23. fxe4 Rxf1+ 24. Rxf1 Rd8 25. exd5 exd5 26. Qh5 g6 27. Bxg6 hxg6 28. Qxg6+ Qg7 29. Qe6+ Kh8 30. Rf5 1-0

[Event "32.Schlosspark-Open"]
[Site "Wiesbaden-Biebrich"]
[Date "2024.08.22"]
[Round "1.33"]
[White "Stehning, Michel"]
[Black "Weber, Nikita"]
[Result "0-1"]
[WhiteElo "1778"]
[BlackElo "2078"]
[PlyCount "98"]
[EventDate "2024.08.22"]
[WhiteTeam "SF Braunfels"]
[BlackTeam "Vorw.Orient Mainz"]

1. d4 Nf6 2. Nf3 b6 3. Bf4 Bb7 4. e3 g6 5. c4 Bg7 6. Nc3 d6 7. Be2 Nbd7 8. h3 O-O 9. O-O Qe8 10. Rc1 e5 11. Bh2 exd4 12. exd4 Bh6 13. Rc2 Ne4 14. Bd3 f5 15. Nb5 Qd8 16. Re1 a6 17. Nc3 Ndf6 18. Rce2 Nxc3 19. bxc3 Bxf3 20. gxf3 Nh5 21. Re7 Bg5 22. R7e2 Qd7 23. c5 bxc5 24. Bc4+ d5 25. dxc5 Rfd8 26. Bb3 Ng7 27. Re5 c6 28. Qd3 a5 29. a4 Bf6 30. R5e2 Kh8 31. Bd6 Re8 32. Rxe8+ Rxe8 33. Rxe8+ Nxe8 34. Bf4 Qe7 35. Be3 f4 36. Bd4 Bxd4 37. cxd4 Qe1+ 38. Kg2 Nc7 39. Bd1 Kg7 40. Qc2 Ne6 41. Qd3 Kf6 42. Bc2 Qb4 43. Qa6 Qxd4 44. Qxc6 Qxc5 45. Qxc5 Nxc5 46. Kf1 Ke5 47. Ke2 Ne6 48. h4 Nd4+ 49. Kd2 Nxf3+ 0-1

[Event "32.Schlosspark-Open"]
[Site "Wiesbaden-Biebrich"]
[Date "2024.08.22"]
[Round "1.34"]
[White "Mann, Gergely"]
[Black "Polat, Marcel"]
[Result "1-0"]
[WhiteElo "2062"]
[BlackElo "1776"]
[PlyCount "61"]
[EventDate "2024.08.22"]
[WhiteTeam "SF Essen-Werden 1924/"]
[BlackTeam "Vorw.Orient Mainz"]

1. d4 d5 2. c4 c6 3. Nf3 Nf6 4. Nc3 e6 5. Bg5 h6 6. Bh4 Be7 7. e3 O-O 8. Rg1 Ne4 9. Bxe7 Qxe7 10. Nxe4 dxe4 11. Nd2 f5 12. Qc2 Na6 13. O-O-O Qh4 14. g3 Qxh2 15. Rg2 Qh5 16. g4 Qh4 17. Be2 Qe7 18. Rdg1 Nc7 19. f3 Ne8 20. fxe4 fxe4 21. g5 hxg5 22. Nxe4 Nf6 23. Nxg5 e5 24. c5 e4 25. Bc4+ Nd5 26. Qxe4 Qxe4 27. Nxe4 Be6 28. Rxg7+ Kh8 29. R7g6 Bg8 30. Rh1+ Bh7 31. Rgh6 1-0

[Event "32.Schlosspark-Open"]
[Site "Wiesbaden-Biebrich"]
[Date "2024.08.22"]
[Round "1.35"]
[White "Schmid, Peter"]
[Black "Heindrich, Mark"]
[Result "0-1"]
[WhiteElo "1773"]
[BlackElo "2058"]
[PlyCount "46"]
[EventDate "2024.08.22"]
[WhiteTeam "SF Fortuna Leipzig e."]
[BlackTeam "SAbt TuS Dotzheim"]

1. e4 e5 2. Nf3 Nc6 3. Bc4 Bc5 4. c3 Qe7 5. d4 Bb6 6. O-O d6 7. d5 Nb8 8. Re1 Nf6 9. Bg5 h6 10. Bxf6 Qxf6 11. a4 a6 12. a5 Ba7 13. h3 Nd7 14. b4 Nf8 15. Bb3 Ng6 16. Ba4+ Kf8 17. g4 Nf4 18. Kh2 g5 19. Qc2 h5 20. Ng1 hxg4 21. Kg3 Nxh3 22. Na3 Nxg1 23. Rxg1 Qf3# 0-1

[Event "32.Schlosspark-Open"]
[Site "Wiesbaden-Biebrich"]
[Date "2024.08.22"]
[Round "1.36"]
[White "Surányi, Pál"]
[Black "Donecker, Stefan"]
[Result "1/2-1/2"]
[WhiteElo "2019"]
[BlackElo "1770"]
[PlyCount "92"]
[EventDate "2024.08.22"]
[WhiteTeam "SV 03/25 Koblenz"]
[BlackTeam "SAbt TuS Dotzheim"]

1. d4 e6 2. Nf3 f5 3. g3 Nf6 4. Bg2 d5 5. O-O Bd6 6. c4 c6 7. b3 Qe7 8. a4 O-O 9. Ba3 Bxa3 10. Nxa3 b6 11. Qc1 Ne4 12. Ne5 Bb7 13. f3 Nd6 14. c5 Nf7 15. Nxf7 Rxf7 16. b4 Nd7 17. Qc3 bxc5 18. bxc5 e5 19. e3 e4 20. f4 Nf6 21. Rfb1 Ba6 22. Rb2 Qc7 23. Nc2 Rff8 24. Bf1 Bxf1 25. Rxf1 Rfb8 26. Rfb1 Nd7 27. a5 Rxb2 28. Rxb2 Rb8 29. Rb4 Rxb4 30. Qxb4 Qb8 31. Kf2 Qxb4 32. Nxb4 Nb8 33. h3 h5 34. g4 hxg4 35. hxg4 fxg4 36. Kg3 Kf7 37. Kxg4 Kf6 38. f5 g6 39. fxg6 Kxg6 40. Kf4 Kf6 41. a6 Ke6 42. Kg5 Kd7 43. Kf6 Kc7 44. Ke6 Nd7 45. Ke7 Nb8 46. Ke6 Nd7 1/2-1/2

[Event "32.Schlosspark-Open"]
[Site "Wiesbaden-Biebrich"]
[Date "2024.08.22"]
[Round "1.37"]
[White "Kupke, Jonas"]
[Black "Reitz, Philipp"]
[Result "0-1"]
[WhiteElo "1770"]
[BlackElo "2039"]
[PlyCount "46"]
[EventDate "2024.08.22"]
[WhiteTeam "Wiesbadener SV 1885"]
[BlackTeam "VfR-SC Koblenz"]

1. e4 c6 2. d4 d5 3. e5 c5 4. dxc5 e6 5. Nf3 Bxc5 6. Bd3 Nc6 7. O-O Nge7 8. Nbd2 Ng6 9. Nb3 Bb6 10. Qe2 Qc7 11. Re1 Nb4 12. Bxg6 hxg6 13. Bg5 Qxc2 14. Nbd2 Qd3 15. Qd1 Nc2 16. Rc1 Nxe1 17. Nxe1 Qd4 18. Qe2 Bd7 19. Nef3 Qxb2 20. Rd1 Rc8 21. Nh4 Ba4 22. Nxg6 Bxd1 23. Qf1 Be2 0-1

[Event "32.Schlosspark-Open"]
[Site "Wiesbaden-Biebrich"]
[Date "2024.08.22"]
[Round "1.38"]
[White "Puschendorf, Steffen"]
[Black "Eckert, Michael"]
[Result "1-0"]
[WhiteElo "2041"]
[BlackElo "1765"]
[PlyCount "32"]
[EventDate "2024.08.22"]
[WhiteTeam "ESV Gera"]
[BlackTeam "SK Herborn 1946"]

1. d4 d5 2. c4 e6 3. Nf3 Nf6 4. g3 Be7 5. Bg2 O-O 6. O-O c5 7. cxd5 exd5 8. dxc5 Bxc5 9. a3 Nc6 10. b4 Bb6 11. Bb2 a6 12. Nc3 Bf5 13. Na4 Ba7 14. Rc1 Rc8 15. Nc5 Rc7 16. Nxb7 Ne4 1-0

[Event "32.Schlosspark-Open"]
[Site "Wiesbaden-Biebrich"]
[Date "2024.08.22"]
[Round "1.39"]
[White "Reink, Geerhard"]
[Black "Derr, Oleg"]
[Result "0-1"]
[WhiteElo "1762"]
[BlackElo "1943"]
[PlyCount "60"]
[EventDate "2024.08.22"]
[WhiteTeam "Fischer Z"]
[BlackTeam "VSG 1880 Offenbach"]

1. Nf3 Nf6 2. g3 d5 3. Bg2 g6 4. c4 c6 5. cxd5 cxd5 6. b3 Bg7 7. Bb2 Nc6 8. d3 O-O 9. O-O Re8 10. Nbd2 e5 11. a3 e4 12. dxe4 dxe4 13. Ng5 h6 14. Bxf6 Qxf6 15. Ngxe4 Qxa1 16. Qxa1 Bxa1 17. Rxa1 Kg7 18. e3 Rd8 19. Nc4 Be6 20. Nc5 Rab8 21. Nxe6+ fxe6 22. a4 Rbc8 23. Be4 b6 24. h4 Na5 25. Ne5 Nxb3 26. Ra3 Nd2 27. Bxg6 Rd5 28. f4 Rxe5 29. fxe5 Kxg6 30. Rd3 Nf3+ 0-1

[Event "32.Schlosspark-Open"]
[Site "Wiesbaden-Biebrich"]
[Date "2024.08.22"]
[Round "1.40"]
[White "Lenz, Joshua"]
[Black "Börsch, Dieter"]
[Result "1-0"]
[WhiteElo "2038"]
[BlackElo "1760"]
[PlyCount "115"]
[EventDate "2024.08.22"]
[WhiteTeam "TSV Schott Mainz"]
[BlackTeam "SK Bad Homburg 1927"]

1. e4 c5 2. d4 cxd4 3. c3 Nf6 4. e5 Nd5 5. Qxd4 e6 6. Bd3 Nc6 7. Qe4 d6 8. exd6 Bxd6 9. Nf3 Nf6 10. Qe2 h6 11. O-O Qc7 12. Re1 Bd7 13. Na3 Bf4 14. Nb5 Qb8 15. Bxf4 Qxf4 16. g3 Qb8 17. Rad1 a6 18. Nbd4 O-O 19. Bb1 Qc7 20. a4 Rfe8 21. Rd2 Rad8 22. Red1 Nxd4 23. Rxd4 Bc6 24. Ne5 Rxd4 25. Rxd4 Rc8 26. Nxc6 Qxc6 27. Be4 Nxe4 28. Qxe4 Qxe4 29. Rxe4 Kf8 30. Rd4 Ke7 31. Kf1 Rc5 32. Ke2 e5 33. Rb4 b5 34. Ke3 f5 35. axb5 axb5 36. f4 e4 37. Rd4 Ke6 38. Rd8 Rd5 39. Rb8 Ke7 40. Rb7+ Kf6 41. Rb6+ Kf7 42. g4 Rd3+ 43. Ke2 fxg4 44. Rxb5 Rh3 45. c4 Rxh2+ 46. Kf1 h5 47. Kg1 Rh3 48. Rf5+ Kg6 49. Rg5+ Kf6 50. c5 e3 51. c6 Rg3+ 52. Kf1 Rf3+ 53. Ke2 Rxf4 54. Rc5 g3 55. c7 g2 56. c8=Q Rf2+ 57. Kxe3 g1=Q 58. Qf8+ 1-0

[Event "32.Schlosspark-Open"]
[Site "Wiesbaden-Biebrich"]
[Date "2024.08.22"]
[Round "1.41"]
[White "Yozgyur, Ediz"]
[Black "Henrich, David"]
[Result "0-1"]
[WhiteElo "1758"]
[BlackElo "2035"]
[PlyCount "84"]
[EventDate "2024.08.22"]
[WhiteTeam "Kreuznacher SV 1921 e.V."]
[BlackTeam "SK 1980 Gernsheim"]

1. e4 d6 2. d4 Nf6 3. Nc3 Nbd7 4. Nf3 e5 5. Bc4 Be7 6. O-O O-O 7. dxe5 dxe5 8. Bg5 c6 9. Qe2 b5 10. Bb3 Qc7 11. Rfd1 Nc5 12. h3 Ne6 13. Bxe6 Bxe6 14. Nd2 Rad8 15. Nb3 a5 16. Bxf6 Bxf6 17. Nc5 Bc8 18. Qe3 Be7 19. Kh1 Rxd1+ 20. Rxd1 Rd8 21. Rxd8+ Qxd8 22. Nd3 Qc7 23. Qg3 f6 24. Nd1 Be6 25. a3 c5 26. Ne3 c4 27. Ne1 c3 28. bxc3 Qxc3 29. Nd3 Qxa3 30. f4 exf4 31. Nxf4 Qc1+ 32. Kh2 Bd6 33. h4 Be5 34. h5 Qd2 35. Kg1 Qd6 36. Ned5 Bxd5 37. Qg4 Bxf4 38. exd5 Kf7 39. Qf3 Qc5+ 40. Kh1 Qe3 41. Qf1 Qc1 42. Qxc1 Bxc1 0-1

[Event "32.Schlosspark-Open"]
[Site "Wiesbaden-Biebrich"]
[Date "2024.08.22"]
[Round "1.42"]
[White "Seidel, Jürgen"]
[Black "John, Volkmar"]
[Result "1-0"]
[WhiteElo "2031"]
[BlackElo "1756"]
[PlyCount "49"]
[EventDate "2024.08.22"]
[WhiteTeam "SV 1920 Hofheim"]
[BlackTeam "SK Herborn 1946"]

1. e4 c6 2. d3 d5 3. Nd2 e5 4. Ngf3 Qc7 5. Be2 Nf6 6. O-O Be7 7. c3 Bg4 8. Re1 Nbd7 9. Qc2 O-O 10. b4 Rfe8 11. Bb2 dxe4 12. dxe4 b5 13. a3 a5 14. Rac1 Rac8 15. Qb3 Qb6 16. c4 axb4 17. axb4 bxc4 18. Bxc4 Bh5 19. Bc3 Bd6 20. Ra1 Ra8 21. Ng5 Rxa1 22. Bxf7+ Bxf7 23. Qxf7+ Kh8 24. Rxa1 Bxb4 25. Qc4 1-0

[Event "32.Schlosspark-Open"]
[Site "Wiesbaden-Biebrich"]
[Date "2024.08.22"]
[Round "1.43"]
[White "Bartsch, Marius"]
[Black "Nicolai, Tim"]
[Result "0-1"]
[WhiteElo "1750"]
[BlackElo "2019"]
[PlyCount "40"]
[EventDate "2024.08.22"]
[WhiteTeam "Wiesbadener SV 1885"]
[BlackTeam "SV Empor Erfurt"]

1. e4 c5 2. Nf3 e6 3. d3 d5 4. Nbd2 Nc6 5. g3 Bd6 6. Bg2 Nge7 7. O-O O-O 8. Re1 f6 9. c3 Rb8 10. d4 b6 11. e5 fxe5 12. Nxe5 cxd4 13. cxd4 Nxd4 14. Nef3 Nef5 15. Nb3 Nxf3+ 16. Bxf3 Qf6 17. Bg2 Nh4 18. Qd4 Nxg2 19. Kxg2 e5 20. Qxd5+ Kh8 0-1

[Event "32.Schlosspark-Open"]
[Site "Wiesbaden-Biebrich"]
[Date "2024.08.22"]
[Round "1.44"]
[White "Pioch, Thomas"]
[Black "Kappeler, Georg"]
[Result "1-0"]
[WhiteElo "2016"]
[BlackElo "1737"]
[PlyCount "119"]
[EventDate "2024.08.22"]
[WhiteTeam "SC Flörsheim 1921"]
[BlackTeam "SK Marburg 1931/72"]

1. Nf3 c5 2. g3 Nc6 3. Bg2 g6 4. c4 Bg7 5. Nc3 Nf6 6. O-O O-O 7. d3 d6 8. Bd2 Bd7 9. a3 Qc8 10. Rb1 a5 11. Bg5 Bh3 12. Bxf6 Bxf6 13. Nd5 Bxg2 14. Kxg2 Qe6 15. Nc7 Qd7 16. Nxa8 Rxa8 17. Qa4 Rd8 18. Rfc1 Qe6 19. e4 h5 20. h4 Qg4 21. Qd1 Kg7 22. Qh1 Nd4 23. Nxd4 Bxd4 24. Qd1 Qe6 25. Qe2 f5 26. f4 Rf8 27. Re1 Rf7 28. Rbd1 Qf6 29. exf5 Qxf5 30. Qe6 Qxe6 31. Rxe6 Bxb2 32. Rb1 Bxa3 33. Rxb7 Bb4 34. Rbxe7 Rxe7 35. Rxe7+ Kf6 36. Ra7 Kf5 37. Kf3 Be1 38. Ra6 Ke6 39. Ra7 Kf6 40. g4 Bxh4 41. Rxa5 hxg4+ 42. Kxg4 Bf2 43. Kf3 Be1 44. Ra6 Ke6 45. Ke4 Bd2 46. d4 cxd4 47. c5 Bb4 48. Rxd6+ Ke7 49. Rd5 Ke6 50. Re5+ Kd7 51. Kxd4 Ba3 52. Kd5 Bc1 53. Rg5 Bxf4 54. Rxg6 Bh2 55. Rg7+ Kd8 56. Kc6 Be5 57. Rd7+ Kc8 58. Re7 Bf6 59. Re8+ Bd8 60. Rg8 1-0

[Event "32.Schlosspark-Open"]
[Site "Wiesbaden-Biebrich"]
[Date "2024.08.22"]
[Round "1.45"]
[White "Reiß, Peter"]
[Black "Neurohr, Jürgen"]
[Result "1/2-1/2"]
[WhiteElo "1728"]
[BlackElo "1999"]
[PlyCount "59"]
[EventDate "2024.08.22"]
[WhiteTeam "SV Multatuli Ingelheim e.V."]
[BlackTeam "Sfr.Mainz 1928"]

1. d4 Nf6 2. c4 g6 3. Nf3 Bg7 4. g3 O-O 5. Bg2 c6 6. O-O d5 7. cxd5 cxd5 8. Nc3 Ne4 9. Qb3 Nxc3 10. Qxc3 Nc6 11. Bf4 Bf5 12. Rfd1 Rc8 13. Qd2 Qb6 14. b3 Rfd8 15. Bh6 Bh8 16. Rac1 Be4 17. Be3 Bg7 18. Ng5 Bxg2 19. Kxg2 e6 20. Nf3 Ne7 21. Rxc8 Rxc8 22. Rc1 Bf8 23. Bh6 Rxc1 24. Qxc1 Bxh6 25. Qxh6 Nf5 26. Qd2 h5 27. e3 Qc7 28. Ne1 Nd6 29. Qc2 Qxc2 30. Nxc2 1/2-1/2

[Event "32.Schlosspark-Open"]
[Site "Wiesbaden-Biebrich"]
[Date "2024.08.22"]
[Round "1.46"]
[White "Hendriks, Theo"]
[Black "Boscher, Hans"]
[Result "1/2-1/2"]
[WhiteElo "2014"]
[BlackElo "1724"]
[PlyCount "70"]
[EventDate "2024.08.22"]
[WhiteTeam "SV Amstel"]
[BlackTeam "SC Bad Soden"]

1. e4 e6 2. d4 d5 3. Nd2 Be7 4. Bd3 dxe4 5. Nxe4 Nf6 6. Nf3 Nbd7 7. O-O Nxe4 8. Bxe4 Nf6 9. Bd3 O-O 10. c4 c5 11. dxc5 Bxc5 12. Bg5 h6 13. Bh4 Be7 14. Qe2 Nh5 15. Bxe7 Qxe7 16. Bc2 Nf6 17. Rfd1 b6 18. Nd4 Qc5 19. a3 Ba6 20. Bd3 e5 21. Nb3 Qc7 22. Nd2 Rad8 23. b3 Bb7 24. Ne4 Nxe4 25. Bxe4 f6 26. Bxb7 Qxb7 27. Rxd8 Rxd8 28. Rd1 Rxd1+ 29. Qxd1 Qe4 30. h3 Kf7 31. Qd7+ Kf8 32. Qxa7 Qe1+ 33. Kh2 Qxf2 34. Qa8+ Ke7 35. Qb7+ Kf8 1/2-1/2

[Event "32.Schlosspark-Open"]
[Site "Wiesbaden-Biebrich"]
[Date "2024.08.22"]
[Round "1.47"]
[White "Fang, Borui"]
[Black "Memic, Miodrag"]
[Result "1-0"]
[WhiteElo "1720"]
[BlackElo "2009"]
[Annotator "Schloessner,Henrik"]
[PlyCount "103"]
[EventDate "2024.08.22"]
[WhiteTeam "SV Oberursel"]
[BlackTeam "SV Mainz-Mombach"]

1. e4 d5 2. exd5 Qxd5 3. Nc3 Qa5 4. d4 c6 5. Nf3 Bg4 6. Bf4 e6 7. h3 Bh5 8. Be2 Bb4 9. Bd2 Nd7 10. a3 Bxc3 11. Bxc3 Qc7 12. d5 Ngf6 13. dxe6 fxe6 14. Ng5 Bf7 15. Nxf7 Kxf7 16. O-O Rhe8 17. Bc4 Rad8 18. Qe2 b5 19. Ba2 a6 20. Rfe1 Nd5 21. Qh5+ Kg8 22. Bxd5 cxd5 23. f4 Qc5+ 24. Kf1 d4 25. Qxc5 Nxc5 26. Bb4 Rd5 27. g4 g6 28. Kg2 Kf7 29. Re5 Nd7 30. Rxd5 exd5 31. Re1 Rxe1 32. Bxe1 Nb8 33. Kf3 Ke6 34. Ke2 h5 35. Kd3 Nc6 36. Bf2 hxg4 37. hxg4 g5 38. f5+ Ke5 39. Bg3+ Kf6 40. Bd6 Kf7 41. Bc5 Ne5+ 42. Kxd4 Nxg4 43. Kxd5 Kf6 44. Ke4 Nh6 45. Bd4+ Kf7 46. b3 Ke7 47. c4 bxc4 48. bxc4 Kd6 49. Be3 Nf7 50. c5+ Kc6 51. a4 Kd7 52. Kd5 {Rest nicht nachvollziehbar! 1-0 (60+)} 1-0

[Event "32.Schlosspark-Open"]
[Site "Wiesbaden-Biebrich"]
[Date "2024.08.22"]
[Round "1.48"]
[White "Waffenschmidt, Joachim"]
[Black "Strache, Rolf"]
[Result "1-0"]
[WhiteElo "2008"]
[BlackElo "1714"]
[PlyCount "61"]
[EventDate "2024.08.22"]
[WhiteTeam "SV 1920 Hofheim"]
[BlackTeam "SK Herborn 1946"]

1. d4 d5 2. c4 e6 3. Nc3 Nf6 4. Nf3 c5 5. cxd5 exd5 6. g3 Nc6 7. Bg2 Be7 8. O-O O-O 9. dxc5 Bxc5 10. Na4 Be7 11. Be3 Qa5 12. a3 Bf5 13. b4 Qd8 14. Rc1 Rc8 15. Bc5 b6 16. Bxe7 Nxe7 17. Nd4 Bg6 18. Bh3 Rxc1 19. Qxc1 Qd6 20. Qe3 h5 21. Rc1 Ng4 22. Qg5 Qf6 23. Qxf6 gxf6 24. Rc7 Nf5 25. Nxf5 Bxf5 26. f3 Nh6 27. Bxf5 Nxf5 28. Rxa7 Ne3 29. Nxb6 d4 30. a4 Rd8 31. Ra8 1-0

[Event "32.Schlosspark-Open"]
[Site "Wiesbaden-Biebrich"]
[Date "2024.08.22"]
[Round "1.49"]
[White "Traut, Stefan"]
[Black "Eveleens, Wim"]
[Result "0-1"]
[WhiteElo "1713"]
[BlackElo "1999"]
[PlyCount "86"]
[EventDate "2024.08.22"]
[WhiteTeam "SF Heusenstamm"]
[BlackTeam "SV Amstel"]

1. d4 e6 2. Nf3 f5 3. c4 Nf6 4. Nc3 Bb4 5. Bd2 O-O 6. e3 b6 7. Be2 Bb7 8. a3 Bxc3 9. Bxc3 Ne4 10. Rc1 d6 11. O-O Nxc3 12. Rxc3 Nd7 13. Nd2 e5 14. f3 exd4 15. exd4 Qf6 16. Nb3 a5 17. Qd2 Rfe8 18. d5 a4 19. Na1 Nc5 20. Re1 Re5 21. Bf1 Rae8 22. Rce3 Kf7 23. Rxe5 Rxe5 24. Rxe5 Qxe5 25. g3 Kf6 26. Kg2 g5 27. Qc3 Qxc3 28. bxc3 c6 29. dxc6 Bxc6 30. Nc2 g4 31. Be2 gxf3+ 32. Bxf3 Bxf3+ 33. Kxf3 Ne4 34. Ke3 Ke5 35. Kd3 Nf2+ 36. Ke3 Ng4+ 37. Kd3 Nxh2 38. Nb4 Nf1 39. Nd5 b5 40. Ne3 Nxe3 41. Kxe3 bxc4 42. Kf3 d5 43. Ke3 h6 0-1

[Event "32.Schlosspark-Open"]
[Site "Wiesbaden-Biebrich"]
[Date "2024.08.22"]
[Round "1.50"]
[White "von Auer, Ulrich"]
[Black "Lüders, Eric"]
[Result "1-0"]
[WhiteElo "1996"]
[BlackElo "1707"]
[PlyCount "71"]
[EventDate "2024.08.22"]
[WhiteTeam "SV Oberursel"]
[BlackTeam "SF Hünstetten"]

1. d4 d5 2. c4 e6 3. Nf3 Nf6 4. g3 dxc4 5. Bg2 c5 6. O-O Nc6 7. Qa4 Bd7 8. Qxc4 cxd4 9. Nxd4 Rc8 10. Nc3 Nxd4 11. Qxd4 Bc5 12. Qd3 Bc6 13. Bxc6+ Rxc6 14. Qf3 O-O 15. Rd1 Qc8 16. Bg5 Be7 17. Rd3 h6 18. Bf4 Rd8 19. Rad1 g5 20. Be5 Nd7 21. Bd6 Rxd6 22. Rxd6 Bxd6 23. Rxd6 Ne5 24. Rxd8+ Qxd8 25. Qxb7 Qd4 26. Qe4 Qxe4 27. Nxe4 Nc4 28. b3 Na3 29. Kf1 Kf8 30. Ke1 Ke7 31. Kd2 Kd7 32. Kc3 Kc6 33. h4 Kd5 34. hxg5 hxg5 35. Nxg5 Nb5+ 36. Kd3 1-0

[Event "32.Schlosspark-Open"]
[Site "Wiesbaden-Biebrich"]
[Date "2024.08.22"]
[Round "1.51"]
[White "Frohneberg, Paul"]
[Black "McAdam, Mark"]
[Result "0-1"]
[WhiteElo "1705"]
[BlackElo "1995"]
[PlyCount "52"]
[EventDate "2024.08.22"]
[WhiteTeam "Kreuznacher SV 1921 e.V."]
[BlackTeam "SC Brett vorm Kopp Ffm"]

1. e4 c6 2. d4 d5 3. exd5 cxd5 4. Nf3 Nc6 5. c4 Nf6 6. Nc3 e6 7. c5 Be7 8. Bb5 O-O 9. Bf4 Ne4 10. Qc2 f5 11. Bxc6 bxc6 12. Ne5 Qe8 13. h4 Ba6 14. Qa4 Bb5 15. Nxb5 cxb5 16. Qa6 Qc8 17. Qxb5 Rb8 18. Qd7 Qa6 19. Bc1 Bd8 20. Nc6 Ba5+ 21. Nxa5 Qxa5+ 22. Kf1 f4 23. Qxe6+ Kh8 24. Rh3 Rbe8 25. b4 Qb5+ 26. Kg1 Rxe6 0-1

[Event "32.Schlosspark-Open"]
[Site "Wiesbaden-Biebrich"]
[Date "2024.08.22"]
[Round "1.52"]
[White "Schneider, Jörg"]
[Black "Cimicky, Václav"]
[Result "1-0"]
[WhiteElo "1995"]
[BlackElo "1699"]
[PlyCount "103"]
[EventDate "2024.08.22"]
[WhiteTeam "Sfr.Mainz 1928"]
[BlackTeam "Sfr Stiller Zug Wiesbaden"]

1. c4 c5 2. Nc3 Nf6 3. g3 g6 4. Bg2 Bg7 5. Nf3 d6 6. d4 O-O 7. dxc5 dxc5 8. Qxd8 Rxd8 9. Be3 Nbd7 10. Rd1 Re8 11. h3 a6 12. O-O Rb8 13. a4 b6 14. g4 h6 15. Rd2 e5 16. g5 hxg5 17. Nxg5 Bb7 18. Nge4 Re7 19. Rfd1 Nf8 20. Bg5 Nxe4 21. Nxe4 Re6 22. Rd8 Rxd8 23. Rxd8 f5 24. Nxc5 bxc5 25. Bxb7 Rb6 26. Bd5+ Kh7 27. Be7 Ne6 28. Bxe6 Rxe6 29. Bxc5 Rc6 30. Rd5 Kg8 31. b4 Kf7 32. Rd7+ Kg8 33. Rd6 Rxd6 34. Bxd6 e4 35. c5 Kf7 36. b5 axb5 37. axb5 Ke8 38. Kg2 Kd7 39. Kg3 Bf6 40. Bf4 Kc8 41. c6 Bd4 42. e3 Bb6 43. Be5 Bd8 44. Kg2 Bb6 45. Kf1 Bd8 46. Ke2 Ba5 47. Kd1 Bd8 48. Kc2 g5 49. Kb3 g4 50. hxg4 fxg4 51. Kc4 Bb6 52. Kd5 1-0

[Event "32.Schlosspark-Open"]
[Site "Wiesbaden-Biebrich"]
[Date "2024.08.22"]
[Round "1.53"]
[White "Guddat, Fabian"]
[Black "Marschner, Thomas"]
[Result "1/2-1/2"]
[WhiteElo "1698"]
[BlackElo "1986"]
[PlyCount "138"]
[EventDate "2024.08.22"]
[WhiteTeam "Bochum"]
[BlackTeam "SVG Eppstein 1932"]

1. d4 Nf6 2. Nf3 g6 3. Bf4 Bg7 4. e3 d6 5. Bd3 O-O 6. O-O Nh5 7. Bg5 b6 8. Nbd2 Bb7 9. e4 h6 10. Be3 c5 11. c3 Nf6 12. h3 Nbd7 13. Rc1 d5 14. e5 Ne4 15. Qc2 Nxd2 16. Qxd2 Kh7 17. h4 c4 18. Bb1 f5 19. Nh2 e6 20. g3 Qe7 21. Bc2 Bc6 22. f4 b5 23. Qg2 a5 24. Nf3 b4 25. g4 Rg8 26. Kf2 b3 27. axb3 cxb3 28. Bd3 Nb6 29. Rh1 Nc4 30. Ng5+ Kh8 31. Bxc4 Rgc8 32. Bd3 hxg5 33. hxg5+ Kg8 34. gxf5 exf5 35. Ra1 a4 36. Kg3 Kf7 37. Qe2 a3 38. bxa3 Rxa3 39. Qb2 Rca8 40. Rxa3 Qxa3 41. Rb1 Qxb2 42. Rxb2 Ra3 43. Bc1 Ba4 44. c4 dxc4 45. Bxc4+ Ke7 46. Rb1 b2+ 47. Kf2 bxc1=Q 48. Rxc1 Bf8 49. d5 Kd7 50. d6 Bb3 51. Bxb3 Rxb3 52. Rc7+ Ke8 53. Rc8+ Kf7 54. d7 Be7 55. d8=Q Bxd8 56. Rxd8 Rb4 57. Ke3 Re4+ 58. Kf3 Rb4 59. Rd3 Rb1 60. Ke3 Re1+ 61. Kf2 Re4 62. Kf3 Re1 63. Rd2 Rf1+ 64. Ke3 Re1+ 65. Re2 Rf1 66. Rf2 Rd1 67. Rh2 Re1+ 68. Kd3 Re4 69. Rh7+ Ke6 1/2-1/2

[Event "32.Schlosspark-Open"]
[Site "Wiesbaden-Biebrich"]
[Date "2024.08.22"]
[Round "1.54"]
[White "Gentner, Markus"]
[Black "Gerber, Ingo"]
[Result "1-0"]
[WhiteElo "1960"]
[BlackElo "1693"]
[PlyCount "103"]
[EventDate "2024.08.22"]
[WhiteTeam "SC Murrhardt 1948 e.V."]
[BlackTeam "Sfr.Mainz 1928"]

1. Nf3 Nf6 2. c4 g6 3. Nc3 Bg7 4. e4 d6 5. d4 O-O 6. h3 Nbd7 7. Be2 e5 8. d5 Nc5 9. Qc2 Bd7 10. Bg5 h6 11. Be3 b6 12. b4 Nb7 13. O-O Re8 14. Nd2 a5 15. a3 Qc8 16. Rfc1 axb4 17. axb4 Rxa1 18. Rxa1 Nh7 19. Ra7 f5 20. f3 f4 21. Bf2 Qb8 22. Ra3 Qd8 23. Nb3 Qg5 24. Kf1 Rb8 25. Ra7 Qd8 26. Qa2 Qc8 27. Qa6 Bf8 28. Nd2 Nf6 29. Bd1 h5 30. Ba4 Be7 31. Bb5 g5 32. Nb3 g4 33. hxg4 hxg4 34. Bxd7 Nxd7 35. Qa4 gxf3 36. gxf3 Nf6 37. Ke2 Kf7 38. Qc6 Bd8 39. Nb5 Ne8 40. Bxb6 cxb6 41. Qxc8 Rxc8 42. Rxb7+ Kf6 43. Kd3 Ra8 44. Rd7 Be7 45. Na7 Bf8 46. Nc1 Ng7 47. Ne2 Nh5 48. Nc3 Ng7 49. Ncb5 Ne8 50. Rb7 Rd8 51. Rxb6 Be7 52. c5 1-0